Eco-feminism (Record no. 1461562)

MARC details
000 -LEADER
fixed length control field 00597nam a2200217Ia 4500
005 - DATE AND TIME OF LATEST TRANSACTION
control field 20250923150255.0
008 - FIXED-LENGTH DATA ELEMENTS--GENERAL INFORMATION
fixed length control field 008 250917s9999 xx 000 0 eng d
037 ## - SOURCE OF ACQUISITION
Stock number Textual
040 ## - CATALOGING SOURCE
Original cataloging agency DSWL
Language of cataloging eng
Transcribing agency DSWL
041 ## - LANGUAGE CODE
Language code of text/sound track or separate title eng
Source of code eng
084 ## - COLON CLASSIFICATION NUMBER
Classification number Y150bX:g, N93
Assigning agency DSWL
100 ## - MAIN ENTRY--PERSONAL NAME
Personal name Mies, Maria
9 (RLIN) 844176
245 #0 - TITLE STATEMENT
Title Eco-feminism
Statement of responsibility, etc. by Maria Mies
260 ## - PUBLICATION, DISTRIBUTION, ETC.
Place of publication, distribution, etc. Jaipur
Name of publisher, distributor, etc. Rawat Publications
Date of publication, distribution, etc. 2010
300 ## - PHYSICAL DESCRIPTION
Extent 328 p.
365 ## - TRADE PRICE
Price type code INR
Price amount 795 . 0
650 ## - SUBJECT ADDED ENTRY--TOPICAL TERM
Topical term or geographic name entry element Vandana SHIVA
9 (RLIN) 844177
925 ## -
-- 795 . 0
942 ## - ADDED ENTRY ELEMENTS (KOHA)
Koha item type Textual
Classification part Y150bX:g, N93
Holdings
Withdrawn status Lost status Damaged status Not for loan Home library Current library Date acquired Total Checkouts Full call number Barcode Date last seen Price effective from Koha item type
        Department of Social Work Library Department of Social Work Library 2025-09-23   Y150bX:g, N93 SW0030430 2025-09-23 2025-09-23 Textual
Copyright @ Delhi University Library System